|
|
|
|
| LEADER |
03715nam a22004093i 4500 |
| 001 |
EBC6422813 |
| 003 |
MiAaPQ |
| 005 |
20231204023215.0 |
| 006 |
m o d | |
| 007 |
cr cnu|||||||| |
| 008 |
231204s2018 xx o ||||0 eng d |
| 020 |
|
|
|a 9789811073922
|q (electronic bk.)
|
| 020 |
|
|
|z 9789811073915
|
| 035 |
|
|
|a (MiAaPQ)EBC6422813
|
| 035 |
|
|
|a (Au-PeEL)EBL6422813
|
| 035 |
|
|
|a (OCoLC)1231604566
|
| 040 |
|
|
|a MiAaPQ
|b eng
|e rda
|e pn
|c MiAaPQ
|d MiAaPQ
|
| 050 |
|
4 |
|a TD172-193.5
|
| 100 |
1 |
|
|a Yokoyama, Hisashi.
|
| 245 |
1 |
0 |
|a Mercury Pollution in Minamata.
|
| 250 |
|
|
|a 1st ed.
|
| 264 |
|
1 |
|a Singapore :
|b Springer Singapore Pte. Limited,
|c 2018.
|
| 264 |
|
4 |
|c ©2018.
|
| 300 |
|
|
|a 1 online resource (74 pages)
|
| 336 |
|
|
|a text
|b txt
|2 rdacontent
|
| 337 |
|
|
|a computer
|b c
|2 rdamedia
|
| 338 |
|
|
|a online resource
|b cr
|2 rdacarrier
|
| 490 |
1 |
|
|a SpringerBriefs in Environmental Science Series
|
| 505 |
0 |
|
|a Intro -- Acknowledgments -- Contents -- Abbreviations -- Chapter 1: Introduction -- 1.1 Why Did I Write This Book? -- 1.2 Use of "Methylmercury Poisoning in Minamata (MPM)" Instead of "Minamata Disease" -- References -- Chapter 2: Lecture on Methylmercury Poisoning in Minamata (MPM) -- 2.1 General Information on Mercury -- 2.2 Outbreak of MPM -- 2.3 What Is MPM? -- 2.4 Investigations on the Cause of MPM -- 2.4.1 Epidemiological Examinations -- 2.4.2 Finding of the Congenital MPM -- 2.4.3 Feeding Experiments on Animals -- 2.4.4 Pathological Examinations -- 2.4.5 Field Surveys to Search for the Causative Agent -- 2.4.6 Feeding Experiments of Organic Mercury on Animals -- 2.4.7 Extraction of Organic Mercury from Aquatic Organisms -- 2.4.8 Experiments on Bioaccumulation by Aquatic Organisms -- 2.4.9 Extraction of Organic Mercury from the Factory -- 2.5 Initial Responses of the National and Local Governments to the Outbreak of MPM -- 2.6 Initial Responses of Chisso to the Doubt that Its Own Wastewater Caused MPM -- 2.7 Counterclaims of Chisso -- 2.8 A Book Written by Nishimura and Okamoto (2001) -- 2.9 Chemical Reaction in Acetaldehyde Production Process -- 2.10 Relationship Between the Methylmercury Emission and the MPM Outbreak -- 2.11 Analysis of Umbilical Cords as an Indicator of Methylmercury Effects -- 2.12 Concentrations of Mercury in Aquatic Organisms -- 2.13 Bioindicators of Mercury Pollution -- 2.14 Accumulation Pathways of Methylmercury in Aquatic Organisms -- 2.15 Disapproval of Chisso's Counterclaims -- 2.16 Government's Consensus Opinion -- 2.17 Victims -- 2.18 Compensation and Environmental Restructure -- 2.19 Court Ruling -- 2.20 Assignment to Students -- References -- Chapter 3: Past, Present, and Future of Mercury Pollution Issues -- 3.1 Lessons from MPM -- 3.2 Global Mercury Cycle and Low-Dose Exposure -- 3.2.1 Global Mercury Cycle.
|
| 505 |
8 |
|
|a 3.2.2 Bioaccumulation of Mercury and Effects on Public Health -- 3.2.3 Tolerable Methylmercury Intake and Recommendations for Public Health -- 3.3 Outstanding Issues -- References.
|
| 588 |
|
|
|a Description based on publisher supplied metadata and other sources.
|
| 590 |
|
|
|a Electronic reproduction. Ann Arbor, Michigan : ProQuest Ebook Central, 2023. Available via World Wide Web. Access may be limited to ProQuest Ebook Central affiliated libraries.
|
| 655 |
|
4 |
|a Electronic books.
|
| 776 |
0 |
8 |
|i Print version:
|a Yokoyama, Hisashi
|t Mercury Pollution in Minamata
|d Singapore : Springer Singapore Pte. Limited,c2018
|z 9789811073915
|
| 797 |
2 |
|
|a ProQuest (Firm)
|
| 830 |
|
0 |
|a SpringerBriefs in Environmental Science Series
|
| 856 |
4 |
0 |
|u https://ebookcentral.proquest.com/lib/matrademy/detail.action?docID=6422813
|z Click to View
|